| 000 | 00719nam a2200265Ia 4500 | ||
|---|---|---|---|
| 001 | Para_4693 | ||
| 003 | CHAP | ||
| 008 | 220125s1955 xx 000 0 und d | ||
| 010 | _a203134 | ||
| 040 | _cCHAP | ||
| 090 | _aPA FOLLETO 2035 | ||
| 245 |
_aDiseases of wheat in Kansas / _c S. M. Pady |
||
| 260 |
_aManhattan : _b Agricultural Experiment Station |
||
| 300 | _a24 p. | ||
| 440 |
_aManhattan. Agr. Exp. Sta. Bull; 368 _9168750 |
||
| 650 |
_aTrigo _x Enfermedades _9115017 |
||
| 700 |
_aPady, S. M. _984697 |
||
| 901 | _aPA FOLLETO 2035 | ||
| 902 | _aA | ||
| 905 | _a0000001955 MAN 0000000000 00 | ||
| 910 | _a1955 | ||
| 942 | _cPARA | ||
| 942 |
_cPARA _d1 |
||
| 999 |
_c203134 _d203134 |
||